Countries with Fewest Internet Users per Capita with Exceptions - Statistics

General Stats
  • This quiz has been taken 10 times
  • The average score is 18 of 20
Answer Stats
% # Users Country % Correct
39.3 4.69 m Haiti
100%
54.4 74.4 k Kiribati
100%
40.5 46.1 k Micronesia
100%
48.1 26.4 m Myanmar
100%
49.6 14.6 m Nepal
100%
32.9 84.4 m Pakistan
100%
45 380 k Solomon Islands
100%
34.7 9.01 m Syria
100%
17.7 7.47 m Yemen
100%
17.6 7.80 m Afghanistan
89%
43.4 637 m India
89%
27 4.86 k Palau
89%
27 2.92 m Papua New Guinea
89%
50.1 11.6 m Sri Lanka
89%
44.5 78.5 m Bangladesh
78%
56.7 10.1 m Cambodia
78%
54.4 10.2 m Guatemala
78%
36.1 3.92 m Tajikistan
78%
21.3 1.63 m Turkmenistan
78%
40.8 581 k East Timor
56%
No matching quizzes found
Score Distribution
Percent of People with Each Score
Percentile by Number Answered
Your Score History
You have not taken this quiz